000 00670 a2200205 4500
005 20260218124706.0
008 260218b |||||||| |||| 00| 0 eng d
020 _a978939382895
_cरु 1100.00
040 _aMAIN
082 _a891.43109
_bSN55:TP
100 _aटणडन, पूरनचंद
110 _a
245 _aसोमनाथ: व्यक्तित्व और कृतित्व
250 _aLatest edition
260 _bमोनिका प्रकाशन
_aदिल्ली
_c2022
300 _a383
650 _aहिन्दी साहित्य
651 _aकविता-आलोचना
942 _cHN
999 _c396529
_d396529